| 000 | 00650nam a2200181 i 4500 | ||
|---|---|---|---|
| 001 | 100148 | ||
| 003 | ES-MaACL | ||
| 005 | 20230906182621.0 | ||
| 007 | t| | ||
| 008 | 050922s1912 sp ||||1| spa d | ||
| 100 | 1 |
_aMartínez-Risco y Macías, Manuel. _978363 |
|
| 245 | 1 | 3 |
_aLa asimetría de los tripletes de Zeeman _b: memoria leída para optar al grado de doctor... / _cpor Manuel Martínez-Risco y Macías. |
| 260 |
_aMadrid : _b[s.n.], _c1912 ( _fEstablecimiento Tipográfico. C de Pontejos, nº 3) |
||
| 300 |
_a59 p. : _bil. ; _c25 cm. |
||
| 502 | _aTesis doctoral. | ||
| 650 | 4 |
_aEspectroscopia. _9143481 |
|
| 852 |
_aES-MaACL _jT-1347-F-6 |
||
| 999 |
_c100148 _d100148 |
||